| 000 | 00557nam a22001577a 4500 | ||
|---|---|---|---|
| 003 | NUST | ||
| 082 | _a670 | ||
| 100 |
_aMoeen ,Syed Muhammad Rizwan _935420 |
||
| 245 |
_aSUPPLIER SIFT - A STRATEGIC NEED OF MODERN ENTREPREUNERSHIP / _cSyed Muhammad Rizwan Moeen |
||
| 264 |
_aIslamabad: _bSMME- NUST. _c2021. |
||
| 300 |
_a59p. ; _bSoft Copy, _c30cm. |
||
| 650 |
_aMS Industrial Manufacturing and Engineering _9122455 |
||
| 700 |
_aSuperviser : Dr Riaz Ahmad _9122456 |
||
| 856 | _uhttp://10.250.8.41:8080/xmlui/handle/123456789/28162 | ||
| 942 |
_2ddc _cTHE |
||
| 999 |
_c608944 _d608944 |
||